书目信息 |
| 题名: |
当代中国高等师范教育资料选
|
|
| 作者: | ;当代中国丛书教育卷编辑室 编 | |
| 分册: | 上册 | |
| 出版信息: | 上海 华东师范大学出版社 1986 |
|
| 页数: | 925页 | |
| 开本: | 21cm | |
| 丛书名: | ||
| 单 册: | ||
| 中图分类: | G65 | |
| 科图分类: | ||
| 主题词: | 高等师范教育--中国--现代--资料 , 教育--各级 | |
| 电子资源: | ||
| ISBN: | ||
| 000 | 00798nam0 2200253 45 | |
| 001 | 0186017137 | |
| 005 | 20040429102020.1 | |
| 010 | @dCNY5.00 | |
| 091 | @a7135.138 | |
| 100 | @a19900802d1986 em y0chiy0121 ea | |
| 101 | 0 | @achi |
| 102 | @aCN@b310000 | |
| 105 | @ay z 000yy | |
| 106 | @ar | |
| 200 | 10 | @a当代中国高等师范教育资料选@Adang dai zhong guo gao deng shi fan jiao yu zi liao xuan@h上册@f《当代中国》丛书教育卷编辑室编 |
| 210 | @a上海@c华东师范大学出版社@d1986 | |
| 215 | @a925页@d21cm | |
| 606 | @a高等师范教育@y中国@z现代@x资料 | |
| 606 | 0 | @a教育@x各级 |
| 690 | @aG65 | |
| 711 | 02 | @a当代中国丛书教育卷编辑室@Adang dai zhong guo cong shu jiao yu juan bian ji shi@4编 |
| 801 | 0 | @aCN@b深圳图书馆@c20040429 |
| 801 | 2 | @aCN@bNLC@c20040429 |
| 905 | @dG65@e24:1@b158369-370@f2 | |
| 当代中国高等师范教育资料选.上册/《当代中国》丛书教育卷编辑室编.-上海:华东师范大学出版社,1986 |
| 925页;21cm |
| ISBN :CNY5.00 |
| ● |
| 相关链接 |
|
|
|
|
正题名:当代中国高等师范教育资料选
索取号:G65/24:1
 
预约/预借
| 序号 | 登录号 | 条形码 | 馆藏地/架位号 | 状态 | 备注 |
| 1 | 0158369 | 001001864 | 密集书库/ [索取号:G65/24:1] | 在馆 | |
| 2 | 0158370 | 001001873 | 密集书库/ [索取号:G65/24:1] | 在馆 | |
| 3 | 0158371 | 001001882 | 第一样本阅览室/ [索取号:G65/24:1] | 在馆 |